Developmwnts in Science and technology/ (Record no. 204585)

MARC details
000 -LEADER
fixed length control field 00592nam a22001817a 4500
005 - DATE AND TIME OF LATEST TRANSACTION
control field 20240816162414.0
010 ## - LCCN (DPL NO)
LC control number ENG-141065
020 ## - INTERNATIONAL STANDARD BOOK NUMBER
Terms of availability 655.00
International Standard Book Number 8179308723
035 ## - SYSTEM CONTROL NUMBER
System control number EN-124597
037 ## - SOURCE OF ACQUISITION
Source of stock number/acquisition DBAD
082 ## - DEWEY DECIMAL CLASSIFICATION NUMBER
Classification number 000
100 ## - MAIN ENTRY--PERSONAL NAME
Personal name Rajaram Kalpana
245 ## - TITLE STATEMENT
Title Developmwnts in Science and technology/
Statement of responsibility, etc Kalpana Rajaram
Remainder of title UPSC Civil Services Main and prelims General Studies,
260 ## - PUBLICATION, DISTRIBUTION, ETC. (IMPRINT)
Place of publication, distribution, etc New delhi
Name of publisher, distributor, etc SPECTRUM BOOKS (p) Ltd
Date of publication, distribution, etc 2023
270 ## - ADDRESS
Address A1 291, First Floor, Janakpuri,
City new delhi
Postal code 110028
300 ## - PHYSICAL DESCRIPTION
Extent 747 pages
Dimensions 24cm
942 ## - ADDED ENTRY ELEMENTS (KOHA)
Source of classification or shelving scheme Dewey Decimal Classification
Item type Hindi Books
Classification part 000
Call number suffix RAJ
Holdings
Withdrawn status Lost status Not for loan Collection code Home library Current library Date acquired Source of acquisition Cost, normal purchase price Full call number Barcode Copy number Cost, replacement price Koha item type
      Non-fiction Shahdara Branch Shahdara Branch 29/07/2024 DBAD 655.00 000 RAJ EN-124597 1 655.00 English Books

© Delhi Public Library
Hit Counter
free hit counter